02119cam a2200385 i 45000010011000000030004000110050017000150070003000320080041000350200029000760240018001050400049001230820034001720820037002061000037002432450053002802640035003332640012003683000023003803360027004033370033004303380027004635200712004906500039012026500042012416500063012836500050013466500063013966500057014596500064015166510054015806550030016346550028016646550041016920008116496OSt20260528201325.0ta251208s2026 fr 000 f fre d a9782702192979q(broch)̌3 a9782702192979 aBTLFbfreerdacBTLFdSQTDdSDMdSQTDdQMBND05a848.92bM9897c223/fre/20260305aM 9896cdpbM9897c223/fre/2026031 aMusso, Guillaume,d1974-eauteur13aLe crime du paradis :broman /cGuillaume Musso. 1aParis :bCalmann-Lv̌y,c2026. 4c♭2026 a475 pages ;c23 cm atextebtxt2rdacontent asans mďiationbn2rdamedia avolumebnc2rdacarrier aUne histoire sombre et splendide dans une Côte d’Azur magnétique et sensuelle . Florence et Julian Livingstone, un couple d’Américains fortunés, réunissent chaque été un petit cercle d’amis dans leur somptueuse maison du cap d’Antibes, la Villa Starlight. Mais ce monde idyllique s’effondre la nuit où Oscar, leur fils de trois ans, est enlevé dans des conditions mystérieuses. . Alors que l’affaire passionne le monde entier et que la peur se répand, le policier chargé de l’enquête se heurte à un mur de mensonges et de secrets. Son chemin va croiser celui de la jeune romancière Agatha Harding qui espère s’emparer du drame pour écrire un best-seller…. 6aPoliciersvRomans, nouvelles, etc. 6aRomancir̈esvRomans, nouvelles, etc. 6aVacanceszFrancezAntibes, Cap d'vRomans, nouvelles, etc. 6aRomanxArt d'črirevRomans, nouvelles, etc. 6aEnlv̈ement de mineursxEnqut̊esvRomans, nouvelles, etc. 6aEnfants disparusxEnqut̊esvRomans, nouvelles, etc. 6aAnněs vingt (Vingtim̈e sic̈le)vRomans, nouvelles, etc. 6aAntibes, Cap d' (France)vRomans, nouvelles, etc. 7aRomans s̉uspense2rvmgf 7aRomans policiers2rvmgf 7aRomans franȧisy21e sic̈le2local